Giáo dục giá trị truyền thống cho học sinh THPT trong bối cảnh hội nhập quốc tế

Nghiên cứu về truyền thống và các giá trị truyền thống tiêu biểu của dân tộc Việt Nam. Phân tích tác động tích cực và tiêu cực của hội nhập kinh tế quốc tế đến đời sống văn hóa tinh thần của thanh thiếu niên, học sinh THPT hiện nay. Đề xuất một số giải pháp nhằm tăng cường giáo dục các giá trị truyề...

Descrición completa

Gardado en:
Detalles Bibliográficos
Autor Principal: Lê Thị Minh Thảo (Tác giả)
Outros autores: Vương Thị Bích Thủy T.S (Hướng dẫn)
Formato: Libro
Idioma:Vietnamese
Publicado: Đà Nẵng Đại học Sư phạm, Đại học Đà Nẵng 2012
Những chủ đề:
Các nhãn: Engadir etiqueta
Sen Etiquetas, Sexa o primeiro en etiquetar este rexistro!
Thư viện lưu trữ: Mạng thư viện Đại học Đà Nẵng
LEADER 01871nam a2200349 4500
001 000016729
003 13132
005 20121225141204.0
008 121220s2012 viesd
041 0 |a vie 
082 |a 370.11  |b LÊ-T 
100 0 |a Lê Thị Minh Thảo  |e Tác giả 
245 0 |a Giáo dục giá trị truyền thống cho học sinh THPT trong bối cảnh hội nhập quốc tế  |c Lê Thị Minh Thảo 
260 |a Đà Nẵng  |b Đại học Sư phạm, Đại học Đà Nẵng  |c 2012 
300 |a 75 tr.  |c 29 cm.  |e Đĩa CD 
500 |a Khóa luận tốt nghiệp đại học. Chuyên ngành: Sư phạm Giáo dục chính trị 
504 |a Mục lục đầu trang, tài liệu tham khảo tr.73 - 75 
520 |a Nghiên cứu về truyền thống và các giá trị truyền thống tiêu biểu của dân tộc Việt Nam. Phân tích tác động tích cực và tiêu cực của hội nhập kinh tế quốc tế đến đời sống văn hóa tinh thần của thanh thiếu niên, học sinh THPT hiện nay. Đề xuất một số giải pháp nhằm tăng cường giáo dục các giá trị truyền thống cho học sinh THPT hiện nay. 
650 |a Khóa luận tốt nghiệp đại học 
650 |a Giáo dục chính trị 
653 |a Khoa Giáo dục chính trị 
700 |a Vương Thị Bích Thủy  |c T.S  |e Hướng dẫn 
OWN |a LSP 
AVA |a UDN50  |b LSP  |d 370.11 LÊ-T  |e available  |t Error 5001 Not defined in file expand_doc_bib_avail.  |f 1  |g 0  |h N  |i 0  |k 1 
999 |a From the UDN01 
AVA |a UDN50  |b LSP  |d 370.11 LÊ-T  |e available  |t Error 5001 Not defined in file expand_doc_bib_avail.  |f 1  |g 0  |h N  |i 0  |k 1 
TYP |a Monograph 
TYP |a Printed language 
980 |a Mạng thư viện Đại học Đà Nẵng